| 000 | 00696nam a2200133Ia 4500 | ||
|---|---|---|---|
| 008 | 220620s9999||||xx |||||||||||||| ||und|| | ||
| 100 | _aNel, Malan||Cilliers, Johan||Kruger, Ferdi P.||Nell, Ian||Flynn, Dalene||Matthee, Nicolaas||Schoeman, Kobus||Wessels, Wessel||Ungerer, André||Marais, Neels | ||
| 245 | 0 |
_aMission moves _bCultivating communities of the Gospel |
|
| 546 | _aEnglish[eng] | ||
| 650 | _aMissional congregations||mission dei||coordinating ministries||missional integrity||radical hospitality||contextual incarnation||preaching | ||
| 700 | _avan Aarde, Andries G.||Nel, Malan | ||
| 856 | _uhttps://library.oapen.org/bitstream/20.500.12657/53897/1/9781776341870.pdf | ||
| 942 | _cEB | ||
| 999 |
_c32972 _d32972 |
||